| 000 | 02776nam a2200349 a 4500 | ||
|---|---|---|---|
| 001 | 991017720342907486 | ||
| 005 | 20260420123121.0 | ||
| 008 | 250821n ck gr 000 0 spa d | ||
| 020 | _a9789587362305 | ||
| 040 |
_aCO-BoBLA _bspa _cCO-BoBLA _erda |
||
| 041 | 0 | _aspa | |
| 082 | 0 | 4 |
_a636.8 / _bD948g |
| 100 |
_aDurán Ramírez, Felipe. _eaut _edrt _9534 |
||
| 245 | 1 | 0 |
_aGuia práctica de los gatos / _cFelipe Durán Ramirez. |
| 264 | 1 |
_aBogotá : _bGrupo Latino Editores, _c2025 |
|
| 300 |
_a272 páginas _bilustraciones ; _c21 cm. |
||
| 336 |
_atexto _btxt _2rdacontent |
||
| 337 |
_asin mediacion _bn _2rdamedia |
||
| 338 |
_avolumen _bnc _2rdacarrier |
||
| 490 | 1 | _aVolvamos al campo | |
| 504 | _aIncluye referencias bibliográficas: páginas 271-272. | ||
| 505 | _aContenido: Introducción. -- Origen y domesticación de los gatos. -- Capítulo 1 Diferentes razas de gatos en el mundo. -- El origen de las rezas felinas. -- Diferencias internacionales de las razas. -- Razas más grandes de gatos. -- Razas más pequeñas de gatos. --Capítulo 2 Etología felina. Conviviendo con su gato. -- ¿En qué consiste la etología felina? -- Etapas de desarrollo del gato. -- Comunicación de los gatos. -- Lenguaje corporal. -- Problemas de comportamiento habituales. -- El rascado en los gatos. -- Sexualidad y reproducción de los gatos. -- Capítulo 3 Nutrición e higiene en gatos. -- Comportamiento alimentario. -- Higiene de los gatos. -- Capítulo 4 Cuidados del gato. Vacunación. -- Generalidades. -- Vacunación. -- La castración en los gatos. -- Capítulo5 Lo que debe saber sobre los gatos. -- Generalidades. -- Anexo 1 Beneficios de los gatos en la salud humana. -- anexo 2 Gatos que se han hecho famosos. | ||
| 520 | _aEsta obra ofrece una visión integral y práctica sobre el manejo, salud y bienestar de los felinos domésticos. El texto está estructurado para facilitar la consulta rápida, abordando desde la etología y el comportamiento natural del gato hasta los protocolos básicos de medicina preventiva, nutrición específica por etapas de vida y primeros auxilios. Incluye descripciones detalladas sobre las razas más comunes, estándares de higiene y la identificación temprana de sintomatologías clínicas. Es una herramienta diseñada tanto para propietarios responsables como para auxiliares de veterinaria que buscan optimizar los cuidados básicos y la convivencia con la especie felina. | ||
| 598 | _a1 | ||
| 650 | 0 |
_aRazas de gatos _91126 |
|
| 650 | 0 |
_aGatos _xCuidados e higiene _91127 |
|
| 650 | 0 |
_aGatos como mascotas _xHábitos y conducta _2BLAAUTO _91128 |
|
| 650 | 0 |
_aGatos _x cría de animales _91131 |
|
| 650 | 0 |
_aAlimentación de los gatos _2BLAAUTO _91130 |
|
| 650 | 0 |
_agatos domésticos _91129 |
|
| 942 |
_cBK _n0 |
||
| 999 |
_c37909 _d37909 |
||